Statističeskaja teorija podobija: nadežnosť techničeskich sistem /

Na minha lista:
Detalhes bibliográficos
Main Authors: Severcev, Nikolaj Aleksejevič (Author), Šolkin, Valerij Georgijevič (Author), Jarygin, Gennadij Andrejevič (Author)
Formato: Livro
Idioma:russo
Publicado em: Moskva : Nauka, 1986
Assuntos:
Tags: Adicionar Tag
Sem tags, seja o primeiro a adicionar uma tag!

MARC

LEADER 00000nam a22000003a 4500
001 stu41839
005 20150617225719.1
008 940125s1986----xxr-----------------rus-d
040 |a STU  |b slo 
041 0 |a rus 
044 |a xxr 
080 |a 519.21 
100 1 |a Severcev, Nikolaj Aleksejevič  |4 aut 
245 1 |a Statističeskaja teorija podobija: nadežnosť techničeskich sistem /  |c [aut.]N.A. Severcev, V.G. Šolkin, G.A. Jarygin 
260 |a Moskva :  |b Nauka,  |c 1986 
300 |a 204 s 
650 7 |a teória pravdepodobnosti  |2 stusub 
650 7 |a procesy stochastické  |2 stusub 
650 7 |a štatistika matematická  |2 stusub 
700 1 |a Šolkin, Valerij Georgijevič  |4 aut 
700 1 |a Jarygin, Gennadij Andrejevič  |4 aut 
996 |b 284M056080  |c M*658-1  |l MMKN  |s A  |a 24  |w stu41839_0001 
996 |b E61247  |c E*61247  |l EE03  |s P  |a 0  |w stu41839_0002